000 00480nam a22001457a 4500
082 _a410
_bTRA
_cN-01, P-156
100 _aTraugott, Elizabeth closs.
_938836
245 _aLinguistics for students of literature /
_cElizabeth Closs Traugott.
260 _aPakistan :
_bNational Book Foundation Islamabad.
_c1976.
300 _aviii, 444 p. :
526 _a0
_b0
_c0
_d410_000000000000000_TRA
526 _a0
_b0
_c0
_d410_000000000000000_TRA
650 _aNUST
_96342
942 _2ddc
_cBK
999 _c543469
_d543469